000 03242ngm a2200649 a 4500
005 20200320192910.0
008 001022p1998 cau129 vleng d
020 _a1558908870
024 1 _a717951000682
028 4 2 _a15092
_bTouchstone Home Video
035 _a(pmsc)003540626
040 _aNvRPMS
_dCoLwJCPL
041 1 _aeng
_afre
050 1 4 _aPN1997.D43
_bD43 1998
082 0 4 _a791.43/72
_221
092 0 _fDVD F
_a791.4372
_bDEAD POETS
245 0 0 _aDead poets society
_h[videorecording] /
_cTouchstone Pictures presents in association with Silver Screen Partners IV ; a Steven Haft production in association with Witt-Thomas Productions ; a Peter Weir film ; written by Tom Schulman ; produced by Steven Haft, Paul Junger Witt, and Tony Thomas ; directed by Peter Weir.
250 _aWidescreen.
260 _aBurbank, CA :
_bTouchstone Home Video :
_bDistributed by Buena Vista Home Entertainment,
_c[1998]
300 _a1 videodisc (129 min.) :
_bsd., col. ;
_c4 3/4 in.
500 _aOriginally released as a motion picture in 1989.
500 _aPresented in its original theatrical aspect ratio, approximately 1.85:1.
508 _aDirector of photography, John Seale ; editors, William Anderson, Lee Smith, Priscilla Nedd ; music, Maurice Jarre.
511 1 _aRobin Williams, Robert Sean Leonard, Ethan Hawke, Josh Charles, Gale Hansen, Dylan Kussman.
520 _aInspired by their new, unconventional teacher, a group of private boys' school students discovers the joys of literature and the rewards--and challenges--of expressing their individuality.
521 _aMPAA rating: PG.
538 _aDVD ; stereo., Dolby surround.
540 _aFor private home use only.
546 _aEnglish with optional French ; closed-captioned.
586 _aAFI's 100 Years...100 Movie Quotes ("Carpe diem. Seize the day, boys, Make your lives extraordinary.")
586 _aAcademy Award, Best Writing, Screenplay Written Directly for the Screen, Tom Schulman, 1990.
650 0 _aTeacher-student relationships
_vDrama.
_95748404
650 0 _aPreparatory schools
_vDrama.
_95794960
650 0 _aNineteen fifties
_vDrama.
_95719260
650 0 _aClosed captioning.
_981579
655 7 _aFeature films.
_2lcgft.
_95892086
655 0 _aDVD-Video discs.
_95673658
655 7 _aDVDs for the hearing impaired.
_2local.
_95673657
700 1 _aSchulman, Tom.
_948952
700 1 _aWitt, Paul Junger,
_d1941-
_963566
700 1 _aThomas, Tony,
_d1927-1997.
_95892087
700 1 _aWeir, Peter,
_d1944-
_916434
700 1 _aWilliams, Robin,
_d1952 July 21-
_948605
700 1 _aLeonard, Robert Sean,
_d1969-
_962227
700 1 _aHawke, Ethan,
_d1970-
_939590
700 1 _aCharles, Josh,
_d1971-
_966421
700 1 _aHansen, Gale.
_95892088
700 1 _aKussman, Dylan.
_95892089
710 2 _aTouchstone Pictures.
_961297
710 2 _aSilver Screen Partners IV.
_961298
710 2 _aWitt-Thomas Productions.
_971178
710 2 _aTouchstone Home Video (Firm)
_961176
710 2 _aBuena Vista Home Entertainment (Firm)
_964615
942 _cDVD
_039
948 _a10/07/2014
_zSirsi
996 _a113024
_b34301001390089
_cDVD
_dDVD
_ewcl
_fo
_g39
_h14.99
_lmicro
_mDea
_p10/07/2014
_q01/30/2020
_r03/16/2020
999 _c284809
_d284809